Wordiest Languages - Statistics

General Stats
  • This quiz has been taken 39 times
  • The average score is 10 of 15
Answer Stats
No. of words Language % Correct
755,865 English
97%
500,000 Japanese
86%
378,103 Chinese
80%
330,000 German
80%
400,000 Dutch
71%
1,149,538 Korean
71%
818,000 Portuguese
69%
800,000 Finnish
63%
500,000 Italian
63%
330,000 Norwegian
63%
600,000 Swedish
63%
343,466 Persian
43%
1,533,669 Tamil
40%
400,000 Serbo-Croatian
34%
500,000 Lithuanian
31%
No matching quizzes found
Score Distribution
Percent of People with Each Score
Percentile by Number Answered
Your Score History
You have not taken this quiz